000 00490cam a22001337a 4500
008 180718b1967 xxu||||| |||| 00| 0 eng d
082 _aJ7x42 B854
245 _aAshford study: consultants' proposals for designation
_cby Her Majesty's Stationery Office
260 _aLondon
_bHer Majesty's Stationery Office
_c1967
300 _axii, 88p
650 _aCity planning --England --Ashford (Kent)
650 _aRegional planning --England --Kent
700 _aU.K. Her Majesty's Stationery Office
999 _c416567
_d416567